Statistics for 100 Greatest Songs of All Time (according to Rolling Stone, 2004)

Click here to take the quiz!

General Stats

  • This quiz has been taken 10,684 times
  • The average score is 262 of 548

Answer Stats

ANSWER % Correct
B.
97%
a
96%
a
96%
a
96%
a
96%
A
96%
A
96%
I
95%
I
95%
I
95%
I
95%
I
95%
I
95%
(I
95%
The
91%
The
91%
The
91%
The
91%
The
91%
The
91%
The
91%
The
91%
The
91%
The
91%
The
91%
The
91%
The
91%
The
91%
The
91%
the
91%
The
91%
The
91%
The
91%
The
91%
the
91%
the
91%
the
91%
the
91%
the
91%
the
91%
the
91%
the
91%
the
91%
the
91%
the
91%
the
91%
The
91%
The
91%
The
91%
The
91%
the
91%
the
91%
The
91%
The
91%
the
91%
the
91%
the
91%
the
91%
the
91%
The
91%
The
91%
Be
91%
Be
91%
Be
91%
The
91%
The
91%
The
91%
The
91%
The
91%
The
91%
The
91%
The
91%
The
91%
The
91%
The
91%
The
91%
Bo
88%
Bo
88%
Beatles
84%
Beatles
84%
Beatles
84%
Beatles
84%
Beatles
84%
Beatles
84%
Roll
84%
Beatles
84%
Beatles
84%
Beatles
84%
Beatles
84%
You
82%
Rolling
82%
Rolling
82%
Rolling
82%
You
82%
Rolling
82%
You
82%
Stone
82%
You
82%
You
82%
You
82%
Rolling
82%
Like
79%
Love
79%
Like
79%
Love
79%
To
79%
to
79%
Love
79%
to
79%
in
78%
in
78%
in
78%
In
78%
In
78%
in
78%
in
78%
Stones
77%
Stones
77%
Stones
77%
Stones
77%
John
77%
It
76%
It
76%
and
74%
and
74%
and
74%
and
74%
and
74%
and
74%
and
74%
and
74%
and
74%
and
74%
and
74%
Bob
73%
Bob
73%
Bob
73%
Bob
73%
Bob
73%
Bob
73%
Dylan
72%
Dylan
72%
Dylan
72%
Dylan
72%
Let
71%
My
71%
My
71%
My
71%
My
71%
My
71%
My
71%
My
71%
Good
69%
Good)
69%
Good
69%
I'm
69%
On
68%
On
68%
on
68%
on)
68%
On
68%
Al
67%
Al
67%
of
65%
of
65%
Johnny
65%
Johnny
65%
of
65%
Lennon
65%
Johnny
65%
of
65%
of
65%
of
65%
of
65%
Me
64%
Imagine
63%
Want
63%
Want
63%
What
62%
What
62%
Are
62%
What
62%
Your
61%
Your
61%
Who
60%
No
60%
No
60%
Day
59%
Day
59%
Get
58%
Boys
58%
Life
58%
Get
58%
Boys
58%
Boys
58%
Satisfaction
58%
Life
58%
Woman
57%
Hey
57%
Beach
57%
Beach
57%
Beach
57%
Goode
57%
Woman,
57%
Jude
55%
Elvis
54%
Marley
54%
Elvis
54%
Elvis
54%
Marley
54%
Elvis
54%
For
54%
for
54%
Elvis
54%
For
54%
Presley
53%
Man
53%
Presley
53%
Presley
53%
She
53%
Presley
53%
Man
53%
Presley
53%
Cash
53%
Cash
53%
Can't
53%
Girl
52%
Led
51%
Led
51%
Vibrations
49%
Jackson
49%
Cry
49%
When
49%
Zeppelin
49%
Cry
49%
When
49%
Zeppelin
49%
Chuck
48%
Hand
48%
Berry
48%
Always
48%
Chuck
48%
Berry
48%
Berry
48%
Loves
48%
Hold
48%
Loves
48%
Chuck
48%
Michael
47%
Stairway
46%
Heaven
46%
California
45%
Baby
45%
Fire
45%
Fire
45%
Fire
45%
California
45%
California
45%
Green
44%
Is
44%
Green
44%
Wailers
42%
Feel
42%
All
42%
That
42%
Wailers
42%
Rock
42%
Brown
41%
Over
41%
Doors
41%
Over
41%
Brown
41%
Franklin
41%
Marvin
40%
Marvin
40%
Got
40%
Blue
40%
Hotel
40%
Gaye
40%
Got
40%
Got
40%
Gaye
40%
Wind
40%
Blue
40%
Hotel
40%
Walk
40%
Walk
40%
Aretha
40%
Hendrix
39%
They
39%
Nite
39%
By
39%
Hendrix
39%
U2
39%
U2
39%
James
38%
Diddley
38%
Prince
38%
James
38%
Diddley
38%
Respect
38%
Eagles
37%
Yesterday
37%
Jimi
37%
Teen
37%
Jimi
37%
Spirit
36%
Nirvana
36%
Goin
36%
Smells
36%
Blowin'
36%
Papas
35%
Come
35%
Light
35%
Dreamin'
35%
Generation
35%
Papa's
35%
Purple
35%
Line
35%
Ring
34%
Springsteen
34%
Clash
34%
Water
34%
Bruce
34%
Bruce
34%
Springsteen
34%
Mamas
33%
Born
33%
(Sittin
32%
What's
32%
Redding
32%
Billie
32%
Simon
32%
Devil
32%
Kinks
32%
Kinks
32%
Dog
32%
Going
32%
Jean
32%
Holly
32%
Help!
32%
Times
32%
Little
32%
Little
32%
Little
32%
Ray
31%
One
31%
Run
31%
Charles
31%
Charles
31%
Ray
31%
Still
31%
Buddy
31%
Dock
31%
Otis
31%
Still
31%
Bay
31%
Garfunkel
31%
Hound
30%
Son
30%
Doves
30%
Mind
30%
Sympathy
30%
It's
29%
A-Changin'
29%
That'll
29%
New
29%
Girls
29%
Up
28%
Sex
28%
Looking
28%
Haze
28%
Beethoven
28%
Haven't
28%
Bowie
28%
Found
28%
Richard
28%
Jailhouse
28%
Richard
28%
Richard
28%
Along
27%
God
27%
Sunshine
27%
Whole
27%
(This
27%
Temptations
27%
David
27%
Bridge
27%
Whole
27%
London
26%
Only
26%
Heartbreak
26%
Lotta
26%
Lotta
26%
Let's
26%
Watchtower
26%
Troubled
26%
Calling
26%
Wonder
26%
Change
25%
Brand
25%
Cream
25%
Police
24%
Georgia
24%
Say
24%
Ronettes
24%
Worth
24%
Sam
24%
Really
24%
Pistols
24%
Deep -
24%
Bag
24%
Stevie
24%
Gonna
23%
Cooke
23%
Great
23%
Band
23%
Lee
23%
Lewis
23%
Lewis
23%
Knows
23%
Jerry
23%
Lee
23%
Jerry
23%
Miss
22%
Take
22%
Suede
22%
Every
22%
Shoes
22%
Balls
22%
Ramones
22%
Together
22%
Grapevine
21%
Tina
21%
Turner
21%
Through
21%
Domino
21%
Crickets
21%
High
21%
Heard
21%
Percy
21%
Mr.
21%
Song
21%
Gimme
20%
Clearwater
20%
Robinson
20%
Molly
20%
Sledge
20%
Tears
20%
Revival
20%
River
20%
Stay
20%
Creedence
20%
Lovin'
20%
U.K.
19%
Forever
19%
Buffalo
19%
Dancing
19%
Smokey
19%
Golly,
19%
Has
19%
Tangled
19%
Breath
19%
Shelter
19%
Road
19%
Anarchy
19%
Fortunate
18%
Bird
18%
Street
18%
Layla
18%
Fats
18%
Fields
18%
Springfield
18%
What'd
18%
Strawberry
18%
Ike
18%
Tracks
18%
Heroes
17%
Long
17%
Frutti
17%
Feelin'
17%
Superstition
17%
Mountain
17%
Wood
17%
Tutti-
17%
Derek
17%
Byrds
16%
Roy
16%
Shakin'
16%
Norwegian
16%
People
16%
Orbison
16%
Tambourine
16%
Waterloo
15%
Suspicious
15%
Vandellas
15%
Hill
15%
Crazy
15%
Five
15%
Happiness
15%
Five
15%
Blues
15%
Lost
15%
Sunset
15%
Martha
15%
Redemption
15%
Miracles
15%
Dominos
15%
Brothers
15%
Blueberry
14%
Carl
14%
Tall
14%
Weight
14%
Maybellene
14%
Minds
14%
You've
14%
Warwick
14%
Flown)
14%
Bop
14%
Thunder
14%
Ready
13%
Blitzkrieg
13%
Dionne
13%
Sally
13%
Perkins
13%
Righteous
12%
Train
12%
Flash
12%
Crying
12%
Message
12%
Whiter
12%
Grandmaster
11%
Shade
11%
Furious
11%
Summertime
11%
Patsy
11%
Cline
11%
Impressions
11%
Pale
11%
Harum
11%
Procol
11%
Louie
10%
Louie
10%
Satins
10%
Cochran
10%
Eddie
10%
Kingsmen
9%
Mystery
9%

Score Distribution

Percentile by Number Answered

Percent of People with Each Score

Your Score History

You have not taken this quiz